Berühmtheiten der 2010er-Jahre #1 - Statistiken

Allgemein
  • Dieses Quiz wurde 621 mal gespielt
  • Das Durchschnittsergebnis liegt bei 12 aus 16
Antwortstatistiken
Bildquiz Antwort % Korrekt
Christiano Ronaldo
98%
Justin Bieber
98%
Dwayne Johnson
89%
Ariana Grande
87%
Katy Perry
83%
Lady Gaga
82%
Shakira
79%
Michelle Obama
76%
Miley Cyrus
74%
Chris Hemsworth
71%
Ryan Gosling
68%
Jennifer Lawrence
64%
Scarlett Johansson
62%
Emma Stone
52%
Chris Pratt
51%
Bradley Cooper
43%
Keine übereinstimmenden Quizze gefunden
Verteilung der Resultate
Anzahl Personen mit jedem Resultat
Perzentil nach korrekt beantworteten Fragen
Ihre Resultats-Entwicklung
Sie haben dieses Quiz noch nicht gespielt